| 000 | 00000nam 2200000zi 4500 |
| 001 | 9.912832 |
| 003 | CaOODSP |
| 005 | 20250903140236 |
| 006 | m o d f |
| 007 | cr |n||||||||| |
| 008 | 220628s2022 onc ob f|0| 0 fre d |
| 040 | |aCaOODSP|bfre|erda|cCaOODSP |
| 043 | |an-cn--- |
| 086 | 1 |aRv55-8/10-13-1-2022F-PDF |
| 245 | 00|aClassement tarifaire des marchandises. |
| 250 | |a[Édition de 6 janvier 2022]. |
| 264 | 1|aOttawa : |bAgence des services frontaliers du Canada = Canada Border Services Agency, |c2022. |
| 300 | |a1 ressource en ligne (9 pages). |
| 336 | |atexte|btxt|2rdacontent/fre |
| 337 | |ainformatique|bc|2rdamedia/fre |
| 338 | |aressource en ligne|bcr|2rdacarrier/fre |
| 490 | 1 |aMémorandum, |x2369-2405 ; |vD10-13-1 |
| 500 | |aPublié aussi en anglais sous le titre : Tariff classification of goods. |
| 500 | |a« Ottawa, le 6 janvier 2022. » |
| 504 | |aComprend des références bibliographiques (page 9). |
| 650 | 6|aTarif douanier|zCanada. |
| 650 | 6|aTarif douanier|xNomenclature et classification. |
| 710 | 2 |aAgence des services frontaliers du Canada, |eorganisme de publication. |
| 775 | 08|tTariff classification of goods.|w(CaOODSP)9.912828 |
| 794 | |tClassement tarifaire des marchandises.|b[Édition de 21 octobre 2024]|w(CaOODSP)9.954768 |
| 830 | #0|aMémorandum (Agence des services frontaliers du Canada)|vD10-13-1.|w(CaOODSP)9.816826 |
| 856 | 40|qPDF|s326 Ko|uhttps://publications.gc.ca/collections/collection_2022/asfc-cbsa/RV55-8-10-13-1-2022-fra.pdf |